000 00900nac a22002537a 4500
001 BR8304358
003 BR-BrBNA
005 20240105115817.0
008 230509b bl.|||m| |||| 00| 0 por d
040 _aBR-BrBNA
_bpor
_cBiblioteca Nacional de Agricultura
072 _aE00; S00; S30
090 _aE00 BR8304358
100 1 _aLerda, J.C.
110 1 _aFundacao Universidade de Brasilia, DF (Brasil). Depto. de Economia
_95043
245 1 _aUrbanizacion, alimentacion y nutricion en Brasil: las restricciones del sector externo [economia, nutricao humana]
260 3 _aBrasilia, DF (Brasil):
_c1983.
300 _a50 p.
490 _aTexto para Discussao - Fundacao Universidade de Brasilia. Depto. de Economia (Brazil)
_vno. 99
_x
500 _a21 tables
650 _aECONOMIA
650 _aNUTRICAO HUMANA
909 _a202312
_bLúcia Elande
_c55
_dLúcia Elande
942 _2AGRIS
_n0
_cMS
999 _c276505
_d276505